000
00309nam a2200133Ia 4500
008
191201s2012 xx 000 0 und d
100
_a
Hall, Douglas V
245
0
_a
Microprocessor and Interfacing
250
_a
rep
260
_c
2012
_b
TMH
_a
N. delhi
300
_a
MISC
650
_a
ECE
942
_2
ddc
_c
BB
_0
2
999
_c
7569
_d
7569